De la responsabilidad extracontractual en el derecho civil chileno: título 35 del Libro IV del Código Civil
Saved in:
| Hovedforfatter: | |
|---|---|
| Format: | Bog |
| Sprog: | spansk |
| Udgivet: |
Santiago, Chile
Jurídica de Chile
2005
|
| Udgivelse: | 1a. ed |
| Fag: | |
| Tags: |
Tilføj Tag
Ingen Tags, Vær først til at tagge denne postø!
|
MARC
| LEADER | 00000nam a2200000 a 4500 | ||
|---|---|---|---|
| 001 | UCK7622 | ||
| 003 | CL-VaPUC | ||
| 005 | 20250416110211.0 | ||
| 008 | 051202e20050000CL |||||||||||||||||spa|d | ||
| 999 | |c 315474 |d 315472 | ||
| 020 | |a 9561016443 | ||
| 040 | |c Pontificia Universidad Católica de Valparaíso | ||
| 082 | 0 | 4 | |a 346.8302 ALE 2005 |2 21 |
| 100 | |a Alessandri Rodríguez, Arturo |e autor |9 605353 | ||
| 245 | 1 | 0 | |a De la responsabilidad extracontractual en el derecho civil chileno: título 35 del Libro IV del Código Civil |
| 250 | |a 1a. ed | ||
| 260 | 0 | 3 | |a Santiago, Chile |b Jurídica de Chile |c 2005 |
| 300 | |a 559 páginas | ||
| 583 | |a last modification |c 20051202 00:00:00 |k Rodrigo Vera | ||
| 650 | 0 | |a Código civil chileno |9 255931 | |
| 650 | 0 | |a Derecho civil |9 255013 |x Acción civil |z Chile | |
| 650 | 0 | |a Responsabilidad extracontractual |9 336742 | |
| 650 | 0 | |a Responsabilidad civil |2 CL-VaPUC |9 295720 | |
| 650 | 0 | |a Responsabilidad penal |9 254899 | |
| 942 | |c BK |2 ddc | ||
| 945 | |d 20051202 00:00:00 |a cmena | ||
| 952 | |0 0 |1 0 |2 ddc |4 0 |6 346_830200000000000_ALE_2005 |7 0 |8 A |9 388767 |a BIBDER |b BIBDER |d 2019-11-22 |i 4183991 |l 1 |m 5 |o 346.8302 ALE 2005 |p 4183991 |q 2025-12-31 |r 2020-03-04 |s 2020-03-04 |t 1 |w 2019-11-22 |y BK |k DER | ||
| 952 | |0 0 |1 0 |2 ddc |4 0 |6 346_830200000000000_ALE_2005 |7 0 |8 A |9 388768 |a BIBDER |b BIBDER |d 2019-11-22 |i 4184009 |l 15 |m 2 |o 346.8302 ALE 2005 |p 4184009 |r 2024-09-27 |s 2024-09-27 |t 2 |w 2019-11-22 |y BK |k DER | ||
| 952 | |0 0 |1 0 |2 ddc |4 0 |6 346_830200000000000_ALE_2005 |7 0 |8 A |9 388769 |a BIBDER |b BIBDER |d 2019-11-22 |i 4509609 |l 17 |m 3 |o 346.8302 ALE 2005 |p 4509609 |r 2025-03-24 |s 2025-03-24 |t 3 |w 2019-11-22 |y BK |k DER | ||
| 952 | |0 0 |1 0 |2 ddc |4 0 |6 346_830200000000000_ALE_2005 |7 0 |8 A |9 388770 |a BIBDER |b BIBDER |d 2019-11-22 |i 4587839 |l 2 |m 2 |o 346.8302 ALE 2005 |p 4587839 |q 2025-12-31 |r 2021-10-11 |s 2021-10-11 |t 4 |w 2019-11-22 |y BK |k DER | ||
| 952 | |0 0 |1 0 |2 ddc |4 0 |6 346_830200000000000_ALE_2005 |7 0 |8 A |9 388771 |a BIBDER |b BIBDER |d 2019-11-22 |i 4587847 |l 17 |o 346.8302 ALE 2005 |p 4587847 |r 2025-01-14 |s 2025-01-14 |t 5 |w 2019-11-22 |y BK |k DER | ||
| 952 | |0 0 |1 0 |2 ddc |4 0 |6 346_830200000000000_ALE_2005 |7 0 |8 A |9 388772 |a BIBDER |b BIBDER |d 2019-11-22 |i 4587855 |l 1 |m 8 |o 346.8302 ALE 2005 |p 4587855 |q 2025-12-31 |r 2020-03-04 |s 2020-03-04 |t 6 |w 2019-11-22 |y BK |k DER | ||